00431nam a2200157Ia 45000010006000000050017000060080041000230410008000640820015000721000039000872450095001262600009002213000027002306500008002576540008002652522220260414151135.0260414t2004||||xx |||||||||||||| ||spa|| aESP a346.4bR36 aDe Reina Tartiére, Gabriel eAUT 0aLas denominadas nuevas formas de dominio :brevisión conceptual y perspectivas de futuro c2004 a64 páginas :c23 cm. aDER aCDE